Diary of a covid-19 patient / Dr. Elizabeth Macliing-Solang. (Record no. 20307)
| 000 -LEADER | |
|---|---|
| fixed length control field | 00574nam a22001577a 4500 |
| 020 ## - INTERNATIONAL STANDARD BOOK NUMBER | |
| ISBN | 9789719818779 |
| 082 ## - DEWEY DECIMAL CLASSIFICATION NUMBER | |
| Classification number | 362.196241 |
| Item number | M1658 2023 |
| 100 ## - MAIN ENTRY--AUTHOR NAME | |
| Personal name | Macliing-Solang, Elizabeth, author. |
| 245 ## - TITLE STATEMENT | |
| Title | Diary of a covid-19 patient / Dr. Elizabeth Macliing-Solang. |
| 260 ## - PUBLICATION, DISTRIBUTION, ETC. (IMPRINT) | |
| Place of publication | Quezon City : |
| Name of publisher | C & E Publishing, |
| Year of publication | ©2023. |
| 300 ## - PHYSICAL DESCRIPTION | |
| Number of Pages | 112 pages : |
| Other physical details | color illustrations ; 22 cm. |
| 650 ## - SUBJECT ADDED ENTRY--TOPICAL TERM | |
| Topical Term | COVID-19 (Disease) -- Patients -- Diaries. |
| 650 ## - SUBJECT ADDED ENTRY--TOPICAL TERM | |
| Topical Term | COVID-19 (Disease) -- Psychological aspects. |
| 650 ## - SUBJECT ADDED ENTRY--TOPICAL TERM | |
| Topical Term | COVID-19 Pandemic, 2020- -- Personal narratives. |
| 942 ## - ADDED ENTRY ELEMENTS (KOHA) | |
| Koha item type | Books |
| Source of acquisition | Permanent Location | Date acquired | Koha item type | Collection code | Accession Number | Lost status | Shelving location | Withdrawn status | Current Location | Full call number |
|---|---|---|---|---|---|---|---|---|---|---|
| School | Cagayan State University - Carig Library | 2025-03-12 | Books | Social Sciences | 010709 | General Collection | Cagayan State University - Carig Library | 362.196241 M1658 2023 | ||
| School | Cagayan State University - Carig Library | 2025-03-12 | Books | Social Sciences | 010710 | General Collection | Cagayan State University - Carig Library | 362.196241 M1658 2023 | ||
| School | Cagayan State University - Carig Library | 2025-03-12 | Books | Social Sciences | 010711 | General Collection | Cagayan State University - Carig Library | 362.196241 M1658 2023 | ||
| School | Cagayan State University - Carig Library | 2025-03-12 | Books | Social Sciences | 010712 | General Collection | Cagayan State University - Carig Library | 362.196241 M1658 2023 | ||
| School | Cagayan State University - Carig Library | 2025-03-12 | Books | Social Sciences | 010713 | General Collection | Cagayan State University - Carig Library | 362.196241 M1658 2023 |